1837 1662 1878 1407 1215 1010 1341 1263 1604 1862 1613 1660 1504 1755 1310 1161 1075 1129 1266 1696 1937 1552 1686 1632 1314 1068 1564 1976 1410 1149 1970 1868 1134 2000 1534 1883 1401 1748 1249 1376 1874 1491 1172 1505 1196 1303 1966 1211 1169 1501 1906 1172 1818 1393 1300 1631 1213 1611 1588 1968 1771 1951 1443 1838 1372 1315 1721 1584 1407 1607 1746 1882 1359 1344 1609 1732 1584 1117 1845 1639 1292 1494 1441 1552 1054 1556 1396 1759 1930 1703 1414 1919 1118 1025 1990 1179 1619 1294 1752 BCNSPRNW ULIB Ver.6.0+V

เปลี่ยนเป็นภาษาไทย

Change to English
 แสดงรายละเอียดบรรณานุกรม
  กลับหน้าหลัก

Brief Record : Get Marc (ISO 2709) : E-mail record : QR code < ปิดหน้าต่าง
LEADER : 00000nam 2200000uu 4500
001    13399121399
003     ULIB
008    121116s2549||||th 000 0 tha d
020    ^a9746457691 (ล.1)
050 04 ^aTK5101^bส747ท ล.1
110 1  ^aมหาวิทยาลัยสุโขทัยธรรมาธิราช
245 10 ^aประมวลสาระชุดวิชา เทคโนโลยีการจัดการการสื่อสาร หน่วนที่ 1-7=^bTechnology for communication management/^cมหาวิทยาลัยสุโขทัยธรรมาธิราช
246 30 ^aเทคโนโลยีการจัดการการสื่อสาร
246 31 ^aTechnology for communication management
250    ^aพิมพ์ครั้งที่ 1
260    ^aนนทบุรี :^bมหาวิทยาลัยสุโขทัยธรรมาธิราช,^c2549
300    ^a2 เล่ม :^bภาพประกอบ
500    ^aล.1: หน่วยที่ 1-7 -- ล.2: หน่วยที่ 8-15
500    ^aหน่วยที่ 1-15 (แนวการศึกษา)
505 2  ^aล.1: แนวคิดและทฤษฎีเทคโนโลยีการจัดการการสื่อสาร -- เศรษฐกิจการเมือง และสังคมที่มีผลต่อการจัดการการสื่อสาร -- กฎหมายที่เกี่ยวข้องกับการจัดการการสื่อสาร -- การจัดทำนโยบายและแผนการสื่อสาร -- กิจการการสื่อสารภาครัฐ -- กิจการการสื่อสารภาคเอกชน -- การจัดการการสื่อสารเชิงประยุกต์ -- ล.2:การจัดองค์การและการบริหารทรัพยากรมนุษย์ในองค์การด้านการสื่อสาร -- การจัดการการผลิตงานด้านการสื่อสาร -- การควบคุมการจัดการการสื่อสาร --การจัดการการเงิน วัสดุ อุปกรณ์ในกิจการด้านการสื่อสาร -- การเพิ่มประสิทธิภาพในการจัดการการสื่อสาร -- กลยุทธ์การสื่อสารการตลาดเพื่อการจัดการ -- เทคโนโลยีการสนเทศเพื่อการจัดการ -- การประยุกต์เทคโนโลยีการจัดการการสื่อสารเพื่อการพัฒนาองค์การ
650  7 ^aการสื่อสาร
650  7 ^aเทคโนโลยีการสื่อสาร
650  7 ^aการสื่อสาร^xการจัดการ^xเทคโนโลยีที่เหมาะสม
700 0  ^aปาริชาต สถาปิตานนท์
710 2  ^aมหาวิทยาลัยสุโขทัยธรรมาธิราช.^bสาขาวิชานิเทศศาสตร์
740 0  ^aTechnology for communication management
945    ^p750^l0^i14775
945    ^p750^l0^i14776
995    ^aวิภา
999 ^a ทศพร
รายการนี้ยังไม่มีแท็ก
คุณยังไม่ได้ล็อกอิน คุณสามารถมีกิจกรรมร่วมกับเว็บไซต์ได้ แต่ต้องล็อกอินก่อน ::
  ล็อกอิน

รายการสื่อสารสนเทศ

ลำดับที่ ประเภท เลขเรียก/บาร์โค้ด สถานที่ สถานะ
1. วิทยาศาสตร์การแพทย์ และสุขภาพ
วิทยาศาสตร์การแพทย์ และสุขภาพ
TK5101 ส747ท ล.1  
  Barcode: 14775
ห้องสมุดวิทยาเขตสวรรค์ประชารักษ์
►หนังสือทั่วไป
บนชั้น
2. วิทยาศาสตร์การแพทย์ และสุขภาพ
วิทยาศาสตร์การแพทย์ และสุขภาพ
TK5101 ส747ท ล.1 ฉ.2 
  Barcode: 14776
ห้องสมุดวิทยาเขตสวรรค์ประชารักษ์
►หนังสือทั่วไป
บนชั้น

รายการใกล้เคียง
    หัวเรื่อง [การสื่อสาร]
    หัวเรื่อง [เทคโนโลยีการสื่อสาร]

BibComment


ยังไม่เคยถูกคอมเมนท์

คอมเมนท์ทรัพยากรรายการนี้
  คอมเมนท์: ประมวลสาระชุดวิช..


 Copyright 2026. Bcnsprnw @Library